000 00725nam a2200265 i 4500
001 22322
003 ES-MaBCM
005 20241016094302.0
008 871020s1986 esp 000 0 spa d
021 _axx
035 _a(OCoLC)1365195983
040 _cES-MaBCM
041 0 _aspa
043 _aesp
080 _a341.232.1 OTAN
080 _a355(460:100)
245 0 0 _aOTAN no
260 _aBarcelona :
_bCooperativa de Redactores de la Revista Mientras Tanto,
_c1986
300 _a140 p.
_c24 cm
500 _aRevista "Mientras Tanto", nº25, 1/2, febrero 1986
610 2 7 _aOTAN
_2
_952691
651 2 4 _aEspaña
_9115342
710 2 _aCooperativa de Redactores de la Revista Mientras Tanto
_951087
942 _cBK
999 _c22322
_d22322